Gaming Quiz

Random Gaming or Board Games Quiz

LUTADORES POR GAME Quiz Stats

 Plays Quiz not verified by Sporcle

Score 0/90 Timer 20:00
0 Plays Today
% Correct
KAZUYA MISHIMA
100%
HEIHACHI MISHIMA
100%
ASUKA KAZAMA
100%
JIN KAZAMA
100%
MARSHALL LAW
100%
JINPACHI MISHIMA
100%
PAUL PHOENIX
75%
ANNA WILLIAMS
75%
NINA WILLIAMS
75%
DEVIL JIN
75%
ROGER JR
75%
KEN
75%
AKUMA
75%
C.VIPER
75%
SCORPION
75%
SUB-ZERO
75%
NOOB SAIBOT
75%
SHEEVA
75%
GANRYU
50%
BRYAN FURY
50%
BRUCE IRVING
50%
GEN
50%
CHUN-LI
50%
E.HONDA
50%
RUFUS
50%
EL FUERTE
50%
ABEL
50%
CAMMY
50%
HAKAN
50%
JURI
50%
% Correct
M.BISON
50%
VEGA
50%
SAGAT
50%
BALROG
50%
DEE JAY
50%
T.HAWK
50%
FEI LONG
50%
ZANGUIEF
50%
DAN
50%
GUY
50%
CODY
50%
SONYA
50%
SHANG TSUNG
50%
JAX
50%
ERMAC
50%
SMOKE
50%
JADE
50%
TAVEN
50%
DAEGON
50%
YOSHIMITSU
50%
GUN JACK
25%
EDDY GORDO
25%
CHRISTIE MONTEIRO
25%
KUMA
25%
PANDA
25%
RAVEN
25%
BAEK DOO SAN
25%
ADON
25%
BLANKA
25%
DHALSIM
25%
% Correct
DUDLEY
25%
MAKOTO
25%
IBIKI
25%
KUNG LAO
25%
GORO
25%
JOHHNY CAGE
25%
SHUJINKO
25%
KOBRA
25%
KIRA
25%
DAIROU
25%
DARRIUS
25%
SINDEL
25%
TANYA
25%
MOKAP
25%
BLAZE
25%
ONAGA
25%
BARAKA
25%
LIU KANG
25%
JULIA CHANG
0%
MOKUJIN
0%
OGRE
0%
HWOARANG
0%
ARMOR KING
0%
KING
0%
CRAIG MARDUK
0%
STEVE FOX
0%
REPTILE
0%
HAVIK
0%
HOTARU
0%
REIKO
0%

You're not logged in!

Compare scores with friends on all Sporcle quizzes.
OR
Log In

Show Comments

Extras

Created Dec 1, 2010ReportNominate
Tags:Board Games Quiz, por

Top Quizzes Today


Score Distribution

Your Account Isn't Verified!

In order to create a playlist on Sporcle, you need to verify the email address you used during registration. Go to your Sporcle Settings to finish the process.

Report this User

Report this user for behavior that violates our Community Guidelines.

Details: